Homenaxe a Xosé María Álvarez Blázquez / (Record no. 179089)

MARC details
000 -LEADER
campo de control de longitud fija 01620nam a2200373 4500
001 - NÚMERO DE CONTROL
campo de control 179089
003 - IDENTIFICADOR DE NÚMERO DE CONTROL
campo de control ES-MaACL
005 - FECHA Y HORA DE LA ÚLTIMA TRANSACCIÓN
campo de control 20230914190353.0
008 - DATOS DE LONGITUD FIJA--INFORMACIÓN GENERAL
campo de control de longitud fija 110907s2008 sp ado |||| |bglg
020 ## - NÚMERO INTERNACIONAL ESTÁNDAR DEL LIBRO
Número Internacional Estándar del Libro 978-84-96950-72-6
080 ## - NÚMERO DE LA CLASIFICACIÓN DECIMAL UNIVERSAL
Número de la Clasificación Decimal Universal 929 Álvarez Blázquez, Xosé María
080 ## - NÚMERO DE LA CLASIFICACIÓN DECIMAL UNIVERSAL
Número de la Clasificación Decimal Universal 903(460)(082.2)
245 00 - MENCIÓN DEL TÍTULO
Título Homenaxe a Xosé María Álvarez Blázquez /
Mención de responsabilidad, etc. coordinador, Eduardo Méndez Quintas.
260 ## - PUBLICACIÓN, DISTRIBUCIÓN, ETC.
Lugar de publicación, distribución, etc. Gondomar [Pontevedra] :
Nombre del editor, distribuidor, etc. Instituto de Estudos Miñoranos,
Fecha de publicación, distribución, etc. [2008]
300 ## - DESCRIPCIÓN FÍSICA
Extensión 2 v. :
Otras características físicas il. col. y n., gráf., fot. ;
Dimensiones 22 cm.
490 1# - MENCIÓN DE SERIE
Mención de serie Universitas minoris
500 ## - NOTA GENERAL
Nota general Índice.
504 ## - NOTA DE BIBLIOGRAFÍA, ETC.
Nota de bibliografía, etc. Referencias bibliográficas.
505 8# - NOTA DE CONTENIDO CON FORMATO
Nota de contenido con formato Contiene: 1 ;
Título Escritos sobre arqueoloxía /
Mención de responsabilidad de Xosé María Álvarez Blázquez (293 p.) -- 2. --
Título Estudos sobre Paleolítico (413 p.)
600 17 - PUNTO DE ACCESO ADICIONAL DE MATERIA--NOMBRE DE PERSONA
Nombre de persona Álvarez Blázquez, Xosé María-
Subdivisión de forma Homenajes.
9 (RLIN) 147852
651 #7 - PUNTO DE ACCESO ADICIONAL DE MATERIA--NOMBRE GEOGRÁFICO
Nombre geográfico España-
Subdivisión general Restos arqueológicos prehistóricos.
9 (RLIN) 8490
700 1# - ENTRADA AGREGADA--NOMBRE PERSONAL
Nombre de persona Álvarez Blázquez, Xosé María.
9 (RLIN) 20707
700 1# - ENTRADA AGREGADA--NOMBRE PERSONAL
Nombre de persona Méndez Quintas, Eduardo.
9 (RLIN) 147853
710 2# - ENTRADA AGREGADA--NOMBRE DE ENTIDAD CORPORATIVA
Nombre de entidad corporativa o nombre de jurisdicción como elemento de entrada Instituto de Estudos Miñoranos.
9 (RLIN) 147854
740 0# - ENTRADA AGREGADA--TÍTULO RELACIONADO/ANALÍTICO NO CONTROLADO
Título relacionado o analítico no controlado Escritos sobre arqueoloxía.
740 0# - ENTRADA AGREGADA--TÍTULO RELACIONADO/ANALÍTICO NO CONTROLADO
Título relacionado o analítico no controlado Estudos sobre Paleolítico.
830 0# - PUNTO DE ACCESO ADICIONAL DE SERIE-TÍTULO UNIFORME
Título uniforme Universitas minoris
9 (RLIN) 191063
852 ## - LOCALIZACIÓN
Ubicación ES-MaACL
itemnumber 185959
Sublocalización o colección R.145810
Número de control de estantería A-11477
Signatura antigua Olim: N-4481
Ubicación en estantería Depósito 1
Encuadernación Donación: Antonio Valverde
Designación de la unidad física v.1
852 ## - LOCALIZACIÓN
Ubicación ES-MaACL
itemnumber 200507
Sublocalización o colección R.145810
Número de control de estantería A-11478
Signatura antigua Olim: N-4482
Encuadernación Donación: Antonio Valverde
Ubicación en estantería Depósito 1
Designación de la unidad física v.2
903 ## - NOMBRE PERSONAL DE DONANTE
9 113001
a Valverde, Antonio
e Donante
942 ## - ELEMENTOS DE ENTRADA SECUNDARIOS (KOHA)
Fuente del sistema de clasificación o colocación Clasificación decimal universal
Tipo de ítem Koha Libro impreso
Holdings
Estatus retirado Estado de pérdida Fuente del sistema de clasificación o colocación Estado de daño No para préstamo Biblioteca de origen Biblioteca actual Ubicación en estantería Fecha de adquisición Fuente de adquisición Enumeración/cronología de publicación seriada Total de préstamos Signatura topográfica completa Código de barras Visto por última vez Precio de reemplazo Tipo de ítem Koha
    Clasificación decimal universal     Biblioteca del Ateneo de Madrid Biblioteca del Ateneo de Madrid Depósito 1 07/09/2011 Donación v.1   A-11477 1188123 23/02/2023 23/02/2023 Libro impreso
    Clasificación decimal universal     Biblioteca del Ateneo de Madrid Biblioteca del Ateneo de Madrid Depósito 1 13/09/2023 Donación v.2   A-11478 1012025804 13/09/2023 13/09/2023 Libro impreso